书目信息 |
| 题名: |
科学成就健康
|
|
| 作者: | 方舟子著 | |
| 分册: | ||
| 出版信息: | 北京 新华出版社 2007.01 |
|
| 页数: | 268页 | |
| 开本: | 23cm | |
| 丛书名: | 赛先生科学与生活系列丛书 | |
| 单 册: | ||
| 中图分类: | R161 | |
| 科图分类: | ||
| 主题词: | 保健 | |
| 电子资源: | ||
| ISBN: | 978-7-5011-7777-6 | |
| 000 | 00729nam0 2200241 450 | |
| 001 | 010454063316 | |
| 005 | 20091130082020.21 | |
| 010 | @a978-7-5011-7777-6@dCNY25.00@z7-5011-7777-5 | |
| 100 | @a20080428d2007 ekmy0 y0120 ea | |
| 102 | @aCN@b110000 | |
| 105 | @ay z 000yy | |
| 200 | 1 | @a科学成就健康@f方舟子著 |
| 210 | @a北京@c新华出版社@d2007.01 | |
| 215 | @a268页@d23cm | |
| 225 | 2 | @a赛先生科学与生活系列丛书 |
| 330 | @a本书的主要内容包括:第一章科学地看待保健、第二章正确认识营养素、第三章常见保健品真相、第四章认识现代医学等。 | |
| 606 | 1 | @a保健 |
| 690 | @aR161@v4 | |
| 701 | 0 | @a方舟子著 |
| 801 | 0 | @aCN@c20091130 |
| 905 | @b0-12@dR161@eF270@f12 | |
| 906 | @d25@n3@r1 | |
| 960 | @bRL@d安徽儒林@e12@fCNY25.00 | |
| 科学成就健康/方舟子著.-北京:新华出版社,2007.01 |
| 268页;23cm.-(赛先生科学与生活系列丛书) |
| ISBN 978-7-5011-7777-6:CNY25.00 |
| 本书的主要内容包括:第一章科学地看待保健、第二章正确认识营养素、第三章常见保健品真相、第四章认识现代医学等。 |
| ● |
| 相关链接 |
|
|
|
正题名:科学成就健康
索取号:R161/F270
 
预约/预借
| 序号 | 登录号 | 条形码 | 馆藏地/架位号 | 状态 | 备注 |
| 1 | 801880 | 208018802 | 自科二线504/504自科库 38排1列6层/ [索取号:R161/F270] | 在馆 | |
| 2 | 801881 | 208018811 | 自科二线504/504自科库 38排1列6层/ [索取号:R161/F270] | 在馆 | |
| 3 | 801882 | 208018820 | 自科库401/401自科库 3排2列3层/ [索取号:R161/F270] | 在馆 | |
| 4 | 801883 | 208018839 | 自科二线504/504自科库 38排1列6层/ [索取号:R161/F270] | 在馆 | |
| 5 | 801884 | 208018848 | 自科二线504/504自科库 38排1列6层/ [索取号:R161/F270] | 在馆 | |
| 6 | 801885 | 208018857 | 自科库401/401自科库 3排2列3层/ [索取号:R161/F270] | 在馆 | |
| 7 | 801886 | 208018866 | 自科二线504/504自科库 38排1列6层/ [索取号:R161/F270] | 在馆 | |
| 8 | 801887 | 208018875 | 自科库401/401自科库 3排2列4层/ [索取号:R161/F270] | 在馆 | |
| 9 | 801888 | 208018884 | 自科库401/401自科库 3排2列3层/ [索取号:R161/F270] | 在馆 | |
| 10 | 801889 | 208018893 | 自科二线504/504自科库 38排1列6层/ [索取号:R161/F270] | 在馆 |